• 首页
  • 本馆介绍
  • 公告通知
  • 最新文献
  • 馆藏检索
  • 电子资源
  • 读者导购
  • 参考咨询
  • 我的图书馆
  • 登录
  • 详细信息显示
  • 放入我的书架
  • 预约/预借图书
  • 作者相关作品
  • 分类相关作品
  • 丛书相关作品
  • 出版社相关作品

书目信息

  • 表格格式
  • 工作单格式
  • 卡片格式
题名:
校园活动课指导
    
 
作者: 邱莉 , 颜念武 编著
分册: 5   语文 数学活动
出版信息: 海口   南海出版公司  2001
页数: 165页
开本: 19cm
丛书名:
单 册:
中图分类: G633.41 , G632.41
科图分类:
主题词: 语文--活动课程--教案(教育)--中小学 , 数学--活动课程--教案(教育)--中小学
电子资源:
ISBN: 7-5442-1904-6
000 00934oam2 2200265 45
001 012002038950
005 20060602094019.32
010    @a7-5442-1904-6@dCNY100.00
100    @a20020508d2001 em y0chiy0110 ea
101 0  @achi
102    @aCN@b460000
105    @ay z 000yy
200 1  @a校园活动课指导@AXiao Yuan Huo Dong Ke Zhi Dao@e学校活动课方案二@h5@i语文 数学活动@f邱莉,颜念武编著@FQiu Li,Yan Nian Wu Bian Zhu
210    @a海口@c南海出版公司@d2001
215    @a165页@d19cm
330    @a本书收录了“奇妙的联想”、“错别字病历卡”、“有趣的标点”等三十余个语文活动方案和二十七个数学活动方案。
517    @a语文 数学活动@AYu Wen Shu Xue Huo Dong
606 0  @a语文@x活动课程@x教案(教育)@x中小学
606 0  @a数学@x活动课程@x教案(教育)@x中小学
690    @aG633.41@v4
690    @aG632.41@v3
701  0 @a邱莉@4编著
701  0 @a颜念武@4编著
801  0 @aCN@bNLC@c20060602
905    @f2@b345628-629@dG632.41@e67:5
    
    校园活动课指导:学校活动课方案二.5.语文 数学活动/邱莉,颜念武编著.-海口:南海出版公司,2001
    165页;19cm
    
    
    ISBN 7-5442-1904-6:CNY100.00
    本书收录了“奇妙的联想”、“错别字病历卡”、“有趣的标点”等三十余个语文活动方案和二十七个数学活动方案。
●
相关链接 在E读中查询图书 在五车中查询图书 在当当中查询图书 在豆瓣中查询图书


正题名:校园活动课指导     索取号:G632.41/67:5         预约/预借

序号 登录号 条形码 馆藏地/架位号 状态 备注
1 0345628   203456287   第一样本阅览室/ [索取号:G632.41/67:5] 在馆    
2 0345629   203456296   密集书库/ [索取号:G632.41/67:5] 在馆    
唐山师范学院图书馆 欢迎您!
大连网信软件有限公司© 版权所有